[Event "SLO-chT (Women)"]
[Site "Rogaska Slatina"]
[Date "2009.04.04"]
[Round "7"]
[White "Kozarski, Lara"]
[Black "Kolbl, Teja"]
[Result "1-0"]
[WhiteElo "1691"]
[BlackElo "1574"]
[PlyCount "81"]
[EventDate "2009.03.27"]
[EventType "team-tourn"]
[EventRounds "9"]
[EventCountry "SLO"]
[SourceTitle "CBM 129 Extra"]
[Source "ChessBase"]
[SourceDate "2009.05.05"]
[SourceVersion "2"]
[SourceVersionDate "2009.05.20"]
[SourceQuality "1"]

1. e4 d5 2. exd5 Qxd5 3. Nc3 Qa5 4. d4 Nf6 5. Nf3 Bf5 6. Bd2 Qb6 7. Na4 Qc6 8. c4 e6 9. b3 Qe4+ 10. Be2 Be7 11. Nc3 Qc2 12. 0-0 Qxd1 13. Raxd1 a6 14. Ne5 Nbd7 15. Bf3 Rb8 16. Rfe1 0-0 17. d5 Nxe5 18. Rxe5 Bd6 19. Ree1 Rfe8 20. dxe6 Bxe6 21. Ne4 Nxe4 22. Bxe4 b6 23. Bc6 Rf8 24. Bc3 Rfd8 25. Rd2 a5 26. h3 h6 27. Red1 g6 28. Bf6 Rdc8 29. Rxd6 cxd6 30. Rxd6 Kh7 31. Bb5 Rc5 32. Bd4 Rg5 33. g4 h5 34. f4 Rxb5 35. cxb5 hxg4 36. hxg4 Bxg4 37. Bxb6 Be2 38. a4 Rb7 39. Bxa5 Bxb5 40. axb5 Rxb5 41. b4 1-0

[Event "SLO-ch U14 Girls"]
[Site "Postojna"]
[Date "2008.02.25"]
[Round "2"]
[White "Hervolj, Manca"]
[Black "Kolbl, Teja"]
[Result "1/2-1/2"]
[WhiteElo "1517"]
[BlackElo "1506"]
[PlyCount "132"]
[EventDate "2008.02.24"]
[EventType "swiss"]
[EventRounds "9"]
[EventCountry "SLO"]
[SourceTitle "EXT 2010"]
[Source "ChessBase"]
[SourceDate "2010.11.25"]
[SourceVersion "1"]
[SourceVersionDate "2010.11.25"]
[SourceQuality "1"]

1. e4 e5 2. Nf3 Nc6 3. Bb5 Nge7 4. d3 a6 5. Ba4 d6 6. h3 Bd7 7. 0-0 Ng6 8. Nc3 Be7 9. Nd5 0-0 10. Nxe7+ Qxe7 11. Bxc6 Bxc6 12. Nh2 f5 13. f3 d5 14. exd5 Bxd5 15. Qe1 Qc5+ 16. Qf2 Qd6 17. Be3 b6 18. f4 e4 19. dxe4 Bxe4 20. c3 Rfe8 21. Rad1 Qe6 22. Rfe1 Qxa2 23. Rd2 Rad8 24. Red1 Rxd2 25. Rxd2 Qe6 26. Nf1 Qe7 27. g3 h5 28. h4 c5 29. Rd1 a5 30. Qd2 Bf3 31. Re1 Rd8 32. Qf2 Bg4 33. Bc1 Qd6 34. Qd2 Qxd2 35. Bxd2 Rd6 36. Bc1 Kf7 37. Ne3 Rd3 38. Kf2 Ne7 39. Nxg4 hxg4 40. Re3 Rd1 41. Re1 Rd3 42. Be3 Nd5 43. Re2 Nxe3 44. Rxe3 Rd2+ 45. Re2 Rxe2+ 46. Kxe2 Ke6 47. c4 a4 48. Kd3 g6 49. Kc2 Kd6 50. Kc3 Kc6 51. Kd3 b5 52. Kc3 b4+ 53. Kc2 Kb6 54. Kd2 Ka5 55. Kc2 b3+ 56. Kc3 a3 57. bxa3 b2 58. Kxb2 Ka4 59. Ka2 Ka5 60. Kb3 Kb6 61. Ka4 Ka6 62. Kb3 Ka5 63. a4 Kb6 64. a5+ Kxa5 65. Ka3 Ka6 66. Ka4 Kb6 1/2-1/2

[Event "SLO-ch U14 Girls"]
[Site "Murska Sobota"]
[Date "2007.02.27"]
[Round "4"]
[White "Kolbl, Teja"]
[Black "Krek, Maja"]
[Result "1-0"]
[WhiteElo "1507"]
[BlackElo "1500"]
[PlyCount "67"]
[EventDate "2007.02.25"]
[EventType "swiss"]
[EventRounds "9"]
[EventCountry "SLO"]
[SourceTitle "CBM 117 Extra"]
[Source "ChessBase"]
[SourceDate "2007.05.09"]
[SourceVersion "1"]
[SourceVersionDate "2007.05.09"]
[SourceQuality "1"]

1. e4 e5 2. Nf3 Nc6 3. Bc4 h6 4. Nc3 Nf6 5. d3 Bc5 6. 0-0 d6 7. h3 Nd4 8. Nxd4 Bxd4 9. Bd2 Bxc3 10. Bxc3 d5 11. Bb3 d4 12. Bd2 Qe7 13. c3 Be6 14. Bc2 0-0-0 15. c4 c5 16. Rb1 Qd6 17. b4 Nd7 18. bxc5 Nxc5 19. Rb2 f5 20. Bb4 b6 21. f3 f4 22. Qd2 a5 23. Ba3 g5 24. Rfb1 Qd7 25. Rxb6 Rhe8 26. Bxc5 a4 27. Rb8+ Kc7 28. R8b7+ Kc8 29. Rxd7 Bxd7 30. Qb4 Bc6 31. Bxa4 Kd7 32. Bxc6+ Kxc6 33. Qb6+ Kd7 34. Qd6+ 1-0

[Event "SLO-ch U12 Girls"]
[Site "Sentjur"]
[Date "2005.03.08"]
[Round "9"]
[White "Lubec, Tjasa"]
[Black "Kolbl, Teja"]
[Result "1/2-1/2"]
[WhiteElo "1513"]
[BlackElo "1500"]
[PlyCount "31"]
[EventDate "2005.02.26"]
[EventType "tourn"]
[EventRounds "9"]
[EventCountry "SLO"]
[SourceTitle "CBM 105 Extra"]
[Source "ChessBase"]
[SourceDate "2005.05.01"]
[SourceVersion "1"]
[SourceVersionDate "2005.05.01"]
[SourceQuality "1"]

1. e4 e5 2. Nf3 Nc6 3. Bc4 d6 4. d3 h6 5. h3 Be7 6. Nc3 Nf6 7. 0-0 0-0 8. Be3 b6 9. a3 Bb7 10. Ba2 a5 11. Bb3 Ba6 12. Re1 b5 13. a4 bxa4 14. Bxa4 Bb7 15. Bxc6 Bxc6 16. b3 1/2-1/2